[Event "CRO-chT2 East"]
[Site "Osijek"]
[Date "2013.05.11"]
[Round "5.66"]
[White "Nikolic, Milenko"]
[Black "Grguric, Zeljko"]
[Result "1/2-1/2"]
[WhiteElo "2060"]
[BlackElo "2097"]
[PlyCount "25"]
[EventDate "2013.04.20"]
[EventType "team-tourn"]
[EventRounds "11"]
[EventCountry "CRO"]
[SourceTitle "EXT 2023"]
[Source "ChessBase"]
[SourceDate "2022.10.05"]
[SourceVersion "1"]
[SourceVersionDate "2022.10.05"]
[SourceQuality "1"]

1. c4 f5 2. Nc3 Nf6 3. g3 c6 4. Bg2 e6 5. e3 d5 6. cxd5 cxd5 7. d4 Nc6 8. Nf3 Bd6 9. 0-0 0-0 10. a3 a6 11. Bd2 b5 12. b4 Bd7 13. Qb3 1/2-1/2

[Event "Novi Sad Januar"]
[Site "Novi Sad"]
[Date "2009.01.10"]
[Round "3"]
[White "Ilijc, Milan"]
[Black "Nikolic, Milenko"]
[Result "1-0"]
[WhiteElo "2220"]
[BlackElo "2033"]
[PlyCount "41"]
[EventDate "2009.01.10"]
[EventType "swiss"]
[EventRounds "5"]
[EventCountry "SRB"]
[SourceTitle "EXT 2019"]
[Source "ChessBase"]
[SourceDate "2018.10.10"]
[SourceVersion "1"]
[SourceVersionDate "2018.10.10"]
[SourceQuality "1"]

1. c4 Nf6 2. g3 e6 3. Bg2 d5 4. Nf3 Bd6 5. b3 c5 6. cxd5 exd5 7. d4 Nc6 8. 0-0 0-0 9. Bb2 Be6 10. Nc3 Ne4 11. dxc5 Bxc5 12. Na4 Be7 13. Rc1 Rc8 14. Nd4 Nxd4 15. Qxd4 Bf6 16. Qxa7 Ra8 17. Bxf6 Rxa7 18. Bxd8 Rxd8 19. Rc7 b5 20. Rxa7 bxa4 21. Bxe4 1-0

[Event "Treber Memorial 5th"]
[Site "Vinkovci"]
[Date "2008.09.07"]
[Round "4"]
[White "Nikolic, Milenko"]
[Black "Pandurevic, Miro"]
[Result "1/2-1/2"]
[WhiteElo "2035"]
[BlackElo "2257"]
[PlyCount "37"]
[EventDate "2008.09.05"]
[EventType "swiss"]
[EventRounds "9"]
[EventCountry "CRO"]
[SourceTitle "CBM 126 Extra"]
[Source "ChessBase"]
[SourceDate "2008.11.05"]
[SourceVersion "1"]
[SourceVersionDate "2008.11.05"]
[SourceQuality "1"]

1. d4 Nf6 2. c4 d6 3. Nf3 g6 4. Nc3 Bf5 5. Qb3 Qc8 6. h3 Bg7 7. g4 Bd7 8. e4 Nc6 9. Be3 e5 10. d5 Na5 11. Qa3 b6 12. Be2 Nb7 13. Qb3 Nc5 14. Qc2 h5 15. g5 Nfxe4 16. Nxe4 Nxe4 17. Qxe4 Bxh3 18. Qc2 0-0 19. 0-0-0 1/2-1/2

[Event "Bosnjaci op 13th"]
[Site "Bosnjaci"]
[Date "2008.01.09"]
[Round "9"]
[White "Nikolic, Milenko"]
[Black "Mutapcic, Damir"]
[Result "1/2-1/2"]
[WhiteElo "2034"]
[BlackElo "2100"]
[PlyCount "104"]
[EventDate "2008.01.03"]
[EventType "swiss"]
[EventRounds "9"]
[EventCountry "CRO"]
[SourceTitle "CBM 122 Extra"]
[Source "ChessBase"]
[SourceDate "2008.03.04"]
[SourceVersion "1"]
[SourceVersionDate "2008.03.04"]
[SourceQuality "1"]

1. d4 Nf6 2. Bg5 d5 3. Nf3 Nbd7 4. Nbd2 b6 5. e3 Bb7 6. Bd3 e6 7. Ne5 h6 8. Bh4 g5 9. Bg3 Nxe5 10. Bxe5 Bd6 11. Nf3 Rg8 12. c3 Qe7 13. Qa4+ c6 14. Ba6 Ne4 15. Bxd6 Nxd6 16. Bxb7 Qxb7 17. Ne5 Rc8 18. Ng4 Rh8 19. Qd1 Ke7 20. Qe2 f6 21. f3 Rcf8 22. e4 h5 23. Nxf6 Rxf6 24. e5 Rf7 25. exd6+ Kd7 26. 0-0-0 Qb8 27. Rde1 Qxd6 28. Qa6 Qc7 29. Re5 Rg8 30. Rhe1 Rg6 31. Qd3 Rfg7 32. g3 Qc8 33. f4 gxf4 34. gxf4 Kd6 35. Qh3 Rf6 36. Qxh5 Qa6 37. R5e3 Kd7 38. Qh3 Re7 39. f5 Qxa2 40. Rxe6 Qa1+ 41. Kc2 Qxe1 42. Rxe1 Rxe1 43. Qf3 Re7 44. Qg3 Kc8 45. h4 Kb7 46. Qg4 Ref7 47. h5 Rxf5 48. h6 R5f6 49. Qg5 Rd6 50. Qg8 Rdd7 51. Kb3 Rh7 52. Qg6 Rde7 1/2-1/2